01002 a2200253 45000010006000000050017000060080041000230030015000640400040000790800083001192450047002022500012002492640043002613000019003045050140003231000027004637000028004907000024005187000026005427000020005687000020005887000020006088560120006282579520260407155541.0260407a1984 arg spa dAR-UNSa-BCEJYS aAR-UNSa-BCEJYSbspacAR-UNSa-BCEJYS a658.15xAdministración financiera privada. Gestión financiera de empresas 10aAdministración financierapprimera parte a3a. ed. 1aBuenos Aires :bEdiciones Macchic1984 a138 p.c22 cm. a1. La función financiera - 2. Cálculo financiero - 3. Instrumentos para el análisis y control financiero - 4. El costo de capital1 aBasagaña, Eduardo J.1 aGonzalez Dosil, Roberto1 aRosenzvaig, Alfredo1 aBarboza, Guillermo E.1 aBaigun, Alberto1 aGroll, Simon A.1 aBaer, Carlos A.41uhttps://biblioeco.unsa.edu.ar/pmb/images/libros/Administracion Financiera 3ed v1.jpgyImagen de portadaqimage/jpeg